000 00416nam a22001697a 4500
005 20160903124902.0
008 160903b xxu||||| |||| 00| 0 eng d
020 _a978-81-8321-415-5
041 _aeng
082 _b20919
100 _aSINGH S.P. AND OTHERS.
_93461
245 _aPRINCIPLES OF VEGITABLE PRODUCTION
250 _a4TH
260 _bAGROTECH PUBLISHING ACADEMY
_c2016
300 _a239
942 _cBK
999 _c5166
_d5164